[Event "Gap op"]
[Site "Gap"]
[Date "2007.04.27"]
[Round "8"]
[White "Alessandri, Pascal"]
[Black "Guidarelli, Laurent"]
[Result "0-1"]
[WhiteElo "1956"]
[BlackElo "2458"]
[PlyCount "30"]
[EventDate "2007.04.22"]
[EventType "swiss"]
[EventRounds "9"]
[EventCountry "FRA"]
[SourceTitle "EXT 2008"]
[Source "ChessBase"]
[SourceDate "2007.11.25"]
[SourceVersion "1"]
[SourceVersionDate "2007.11.25"]
[SourceQuality "1"]

1. d4 c5 2. e4 cxd4 3. Nf3 e6 4. Nxd4 a6 5. c4 Qc7 6. Bd3 b6 7. 0-0 Bb7 8. Nc3 Nf6 9. Be3 h5 10. f4 Ng4 11. Bd2 Bc5 12. Nce2 Nc6 13. Bc3 e5 14. fxe5 Qxe5 15. Rf4 Nxd4 0-1

[Event "FRA-chT3 Gr12 0304"]
[Site "Loire"]
[Date "2004.01.18"]
[Round "4.2"]
[White "Alessandri, Pascal"]
[Black "Bondierlange, Raymond"]
[Result "1-0"]
[WhiteElo "2044"]
[BlackElo "1740"]
[PlyCount "41"]
[EventDate "2003.10.12"]
[EventType "team-tourn"]
[EventRounds "9"]
[EventCountry "FRA"]
[SourceTitle "EXT 2008"]
[Source "ChessBase"]
[SourceDate "2007.11.25"]
[SourceVersion "1"]
[SourceVersionDate "2007.11.25"]
[SourceQuality "1"]

1. e4 e5 2. f4 d5 3. exd5 e4 4. d3 Nf6 5. dxe4 Nxe4 6. Nf3 Bc5 7. Qe2 0-0 8. Qxe4 Re8 9. Ne5 f6 10. Bd3 fxe5 11. Qxh7+ Kf8 12. Qh8+ Kf7 13. Qh5+ Kf8 14. fxe5 Qxd5 15. Rf1+ Ke7 16. Bg5+ Kd7 17. Bf5+ Re6 18. Bxe6+ Qxe6 19. Rf7+ Kc6 20. Qf3+ Qd5 21. Rxc7+ 1-0